Szczegóły MARC21

ŁÓDZKA spółdzielność mieszkaniowa /

005 -DATA I CZAS OSTATNIEJ MODYFIKACJI [,]
    • @
    • pole kontrolne
    • 20070315155141.9
040 -Instytucja sporządzająca opis [ , ]
    • a
    • Instytucja, która sporządziła opis (NP)
    • SZCZ U
    • c
    • Instytucja, która sporządziła rekord (NP)
    • SZCZ U
041 -Język dokumentu [0, ]
    • a
    • Język tekstu (P)
    • polski
    • h
    • Język tekstu oryginalnego i/lub pośredniego (P)
    • polski
942 -Rodzaj dokumentu [ , ]
    • c
    • Rodzaj dokumentu
    • Książka
245 -Strefa tytułu i oznaczenia odpowiedzialności [0, ]
    • a
    • Tytuł
    • ŁÓDZKA spółdzielność mieszkaniowa / Find
    • c
    • Pozostałe elementy strefy tytułu i oznaczenia odpowiedzialności (NP)
    • red. Zbigniew Prochowski.
260 -Strefa adresu wydawniczego [ , ]
    • a
    • Miejsce wydania (P)
    • Łódź :
    • b
    • Nazwa wydawcy (P)
    • UŁ,
    • c
    • Data wydania (P)
    • 1982.
300 -Strefa opisu fizycznego [ , ]
    • a
    • Określenie formy książki i/lub objętość (NP)
    • 263 :
    • c
    • Format (NP)
    • 24 cm.
490 -Strefa serii i książki wielotomowej - forma nie do wyszukiwania [0, ]
    • z
    • Numer rekordu powiązanego
    • 119356
    • a
    • Tytuł (P)
    • (Acta Universitatis Lodziensis = Zeszyty Naukowe UŁ. FOLIA Oeconomica ; Find
    • y
    • Zob. egzemplarze
    • 6
    • x
    • ISSN (NP)
    • 0208-6018)
    • v
    • Numeracja (P)
    • 16,
080 -Uniwersalna Klasyfikacja Dziesiętna [ , ]
    • a
    • Symbol klasyfikacji
    • 334.736(438.121)
980 -Symbol UKD [ , ]
    • a
    • UKD
    • 334.736(438.121)
700 -Hasło dodatkowe - nazwa osobowa [ , ]
    • a
    • Nazwa osobowa (NP)
    • Prochowski Zbigniew Find
Status udost. Numer tomu Sygnatura Numer inwentarzowy Powiązanie z serią Data inwentaryzacji Lokalizacja
2 Cg.15132Cg.1513761999-03-25 
-1116Tc.346Tc.360501999-11-23Tc